| 000 | 01555nam a2200277 a 4500 | ||
|---|---|---|---|
| 008 | 120416s1992 ||||||||||||||||| || u | ||
| 020 | _a0470218452 | ||
| 050 | _aTA 545 Ban | ||
| 100 | _aBannister, A | ||
| 245 | 1 | 0 | _aSurveying. (6th ed.) |
| 250 | _a6th ed. | ||
| 260 |
_aEssex: _bLongman _c1992 |
||
| 300 | _axii, 482p. : ill | ||
| 350 | _a0.00 | ||
| 650 | _aENGINEERING | ||
| 650 | 0 | _aSURVEYING | |
| 700 | _aRaymond, S | ||
| 700 | _aBaker, R | ||
| 995 |
_aTEXTBOOKS (SBE) _D0.00 _e5203 _FCBU-SCHOOL TEXTBOOK COLLECTIONS _H1 _I0.00 _jSCHOOL TEXTBOOK _M4 _UAVAILABLE _WSep 1, 2009 _y5203 _ZSchool Collections |
||
| 995 |
_aTEXTBOOKS (SBE) _D0.00 _e5204 _FCBU-SCHOOL TEXTBOOK COLLECTIONS _H1 _I0.00 _jSCHOOL TEXTBOOK _M5 _UAVAILABLE _WSep 1, 2009 _y5204 _ZSchool Collections |
||
| 995 |
_aMAIN LIBRARY OPEN ACCESS _D0.00 _e726329 _FCBU-MAIN LIBRARY (Kitwe) _H3 _I18.99 _jTA 545 Ban _M3 _UAVAILABLE _y018813 _ZMain Library Open Access Collection |
||
| 995 |
_aMAIN LIBRARY OPEN ACCESS _D0.00 _e726327 _FCBU-MAIN LIBRARY (Kitwe) _H2 _I18.99 _jTA 545 Ban _M1 _UAVAILABLE _y013854 _ZMain Library Open Access Collection |
||
| 995 |
_aTEXTBOOKS (SBE) _D0.00 _e5205 _FCBU-SCHOOL TEXTBOOK COLLECTIONS _H1 _I0.00 _jSCHOOL TEXTBOOK _M6 _UAVAILABLE _WSep 1, 2009 _y5205 _ZSchool Collections |
||
| 995 |
_aTEXTBOOKS (SBE) _D0.00 _e5206 _FCBU-SCHOOL TEXTBOOK COLLECTIONS _H1 _I0.00 _jSCHOOL TEXTBOOK _M7 _UAVAILABLE _WSep 1, 2009 _y5206 _ZSchool Collections |
||
| 995 |
_aBINDERY (DAMAGED) _D0.00 _e726328 _FCBU-MAIN LIBRARY (Kitwe) _H1 _I18.99 _jTA 545 Ban _M2 _UDAMAGED _y014212 _ZMain Library Open Access Collection |
||
| 999 |
_c80856 _d80856 |
||